|
|
|
|
| LEADER |
00000nab a2200000ua 4500 |
| 001 |
vtls010753009 |
| 003 |
SK-MaSNL |
| 005 |
20260304202846.0 |
| 008 |
250718s1959 xo |||||||||||||||||slo| |
| 035 |
|
|
|a (urnnbn)urn:nbn:sk:snk:ar-a029on
|
| 035 |
|
|
|a (uuid)81462fa5-d0fa-411f-a3e4-a3a2ebe16ffc
|
| 035 |
|
|
|a urn:nbn:sk:snk-ab4iiq
|
| 040 |
|
|
|a SNKBUCL
|b slo
|c SNKBUCL
|e AACR2
|
| 041 |
0 |
|
|a eng
|
| 044 |
|
|
|a xo
|c SK
|
| 100 |
1 |
|
|a Kotschate, R.
|4 aut
|9 1535185
|
| 245 |
1 |
0 |
|a Use of Papain for the Preparation of Monolayer Tissue Cultures
|c R. Kotschate, T. N. Hoang, W. Rohde
|
| 700 |
1 |
|
|a T. N., HOANG
|4 aut
|9 1535186
|
| 700 |
1 |
|
|a Rohde, W.
|4 aut
|9 1157160
|
| 773 |
0 |
|
|t Acta virologica
|g Roč. 3, č. 1 (1959), s. 56-[58d]
|
| 850 |
|
|
|a Slovenská národná knižnica
|
| 852 |
|
|
|a Slovenská národná knižnica
|
| 958 |
|
|
|a article3
|
| 958 |
|
|
|a OND
|
| 958 |
|
|
|a EUIPO
|
| 999 |
|
|
|c 3105921
|d 3107851
|